000 01344agaaa2200301 4500
001 9649
003 IT-RoPAU
005 20220918181247.0
007 d cvaizq
008 50131s9999||||xx ||| | || ||und||
040 _aIT-RoPAU
_cIT-RoPAU
041 _aITALIANO
100 _aGargani Romano
_gCodice regista SPICS: 39851
_936806
130 _aADORATRICI DEL SANGUE DI CRISTO IN INDIA (LE)
_947398
245 _aADORATRICI DEL SANGUE DI CRISTO IN INDIA (LE)
_cSceneggiatura: Pizzardi Remo -- Diretto da: Gargani Romano
_pADORATRICI DEL SANGUE DI CRISTO IN INDIA (LE) (Rif. Codice opera principale : B9649)
250 _aEdizione Standard
260 _aMILANO (ITALIA)
_bFUMETTI D'ARTE /
_g"1993 (1° ed.: 1993 ; Ed. Lingua Orig.: 1993)"
300 _aVHS
_bsonoro, col.
_c30 minuti
508 _a"Musica: Rosa Davide; Sceneggiatura: Pizzardi Remo; "
520 _aDOCUMENTARIO VOCAZIONALE. SUORE ADORATRICI DEL SANGUE DI CRISTO IN INDIA.
538 _aPAL, STEREO
546 _aITALIANO
650 _aDOCUMENTARIO
_eTV-PROGRAMMI RELIGIOSI [VHS]
_xCodice MATERIA SPICS: 9963
_936814
700 _aGargani Romano
_e(regista)
_gCodice regista SPICS: 39851
_936806
700 _aGargani Romano
_e(soggetto)
_gCodice Soggetto SPICS: 39851
_947399
700 _aRosa Davide
_e(musica)
_gCodice Musica SPICS: 39850
_947400
942 _cVH
_2ddc
999 _c106534
_d106534